000 01914nam a2200433 i 4500
001 ebr10835429
003 CaPaEBR
006 m o d
007 cr cn|||||||||
008 130404s2013 gau ob 001 0 eng|d
020 _z9781589837676 (hardcover binding : alk. paper)
020 _z9781589837355 (paper binding : alk. paper)
020 _a9781589837362 (e-book)
040 _aCaPaEBR
_beng
_erda
_epn
_cCaPaEBR
035 _a(OCoLC)872681468
043 _af-ua---
050 1 4 _aDT83
_b.G74 2013eb
082 0 4 _a932
_223
245 0 4 _aThe great name :
_bancient Egyptian royal titulary /
_cedited by Ronald J. Leprohon.
264 1 _aAtlanta :
_bSociety of Biblical Literature,
_c2013.
300 _a1 online resource (291 pages).
336 _atext
_2rdacontent
337 _acomputer
_2rdamedia
338 _aonline resource
_2rdacarrier
490 1 _aWritings from the ancient world ;
_vNumber 33
504 _aIncludes bibliographical references and index.
588 _aDescription based on print version record.
590 _aElectronic reproduction. Palo Alto, Calif. : ebrary, 2014. Available via World Wide Web. Access may be limited to ebrary affiliated libraries.
650 0 _aTitles of honor and nobility
_zEgypt
_xHistory
_yTo 1500.
651 0 _aEgypt
_xKings and rulers
_xTitles.
651 0 _aEgypt
_xHistory
_yTo 332 B.C.
651 0 _aEgypt
_xHistory
_y332-30 B.C.
655 0 _aElectronic books.
700 1 _aLeprohon, Ronald J.
776 0 8 _iPrint version:
_tGreat name : ancient Egyptian royal titulary.
_dAtlanta : Society of Biblical Literature, 2013
_hxx, 270 pages
_kWritings from the ancient world ; Number 33
_z9781589837355
_w(DLC)10835429
797 2 _aebrary.
830 0 _aWritings from the ancient world ;
_vno. 33.
856 4 0 _uhttp://site.ebrary.com/lib/rucke/Doc?id=10835429
_zAn electronic book accessible through the World Wide Web; click to view
999 _c88433
_d88433